Väzby ekologické a hospodářské politiky.
Naznačenie hlavných smerov ekologickej politiky v Československu v 90. rokoch. Na základe výsledkov analýzy stavu životného prostredia, jeho sociálno-ekonomických súvislostí a podmienok tvorby účinného mechanizmu ochrany životného prostredia v období prechodu k trhovej ekonomike sú charakterizované...
Gespeichert in:
| 1. Verfasser: | |
|---|---|
| Weitere Verfasser: | |
| Format: | Buchkapitel |
| Sprache: | Tschechisch |
| Schlagworte: | |
| Tags: |
Keine Tags, Fügen Sie das erste Tag hinzu!
|
MARC
| LEADER | 00000naa a2200000 4500 | ||
|---|---|---|---|
| 001 | r001971 | ||
| 005 | 20220819173216.9 | ||
| 041 | 0 | |a cze | |
| 044 | |a CZ | ||
| 245 | 1 | 0 | |a Väzby ekologické a hospodářské politiky. |c A. Černá, Eva Tošovská |
| 520 | |a Naznačenie hlavných smerov ekologickej politiky v Československu v 90. rokoch. Na základe výsledkov analýzy stavu životného prostredia, jeho sociálno-ekonomických súvislostí a podmienok tvorby účinného mechanizmu ochrany životného prostredia v období prechodu k trhovej ekonomike sú charakterizované konkrétne úlohy zamerané na prerušenie dlhodobého trendu zhoršovania stavu životného prostredia v ČSFR. | ||
| 610 | 2 | 0 | |a ekológia |
| 610 | 2 | 0 | |a ČSFR |
| 610 | 2 | 0 | |a 1980-1990 |
| 610 | 2 | 0 | |a rozvoj sociálno-ekonomický |
| 610 | 2 | 0 | |a ochrana prostredia životného |
| 610 | 2 | 0 | |a rozbory komplexné |
| 610 | 2 | 0 | |a hospodárstvo trhové |
| 610 | 2 | 0 | |a politika hospodárska |
| 100 | 1 | |a Černá, A. | |
| 700 | 1 | |a Tošovská, Eva | |